Anthropology of Color (Record no. 91699)

MARC details
000 -LEADER
fixed length control field 01592nam a2200265Ii 4500
008 - FIXED-LENGTH DATA ELEMENTS--GENERAL INFORMATION
fixed length control field 221202s xx 000 0 und d
245 #0 - TITLE STATEMENT
Title Anthropology of Color
246 ## - VARYING FORM OF TITLE
Title proper/short title Interdisciplinary Multilevel Modeling
264 ## - PRODUCTION, PUBLICATION, DISTRIBUTION, MANUFACTURE, AND COPYRIGHT NOTICE
Name of producer, publisher, distributor, manufacturer John Benjamins Publishing Company
Date of production, publication, distribution, manufacture, or copyright notice 2007
300 ## - PHYSICAL DESCRIPTION
Extent 1 online resource
336 ## - CONTENT TYPE
Content type term text
Content type code txt
Source rdacontent
337 ## - MEDIA TYPE
Media type term computer
Media type code c
Source rdamedia
338 ## - CARRIER TYPE
Carrier type term online resource
Carrier type code cr
Source rdacarrier
520 ## - SUMMARY, ETC.
Summary, etc. The field of color categorization has always been intrinsically multi- and inter-disciplinary, since its beginnings in the nineteenth century. The main contribution of this book is to foster a new level of integration among different approaches to the anthropological study of color. The editors have put great effort into bringing together research from anthropology, linguistics, psychology, semiotics, and a variety of other fields, by promoting the exploration of the different but interacting and complementary ways in which these various perspectives model the domain of color experience. By so doing, they significantly promote the emergence of a coherent field of the anthropology of color.
653 ## - INDEX TERM--UNCONTROLLED
Uncontrolled term Anthropological Linguistics
653 ## - INDEX TERM--UNCONTROLLED
Uncontrolled term Anthropology
653 ## - INDEX TERM--UNCONTROLLED
Uncontrolled term Color Studies
653 ## - INDEX TERM--UNCONTROLLED
Uncontrolled term Colour Studies
653 ## - INDEX TERM--UNCONTROLLED
Uncontrolled term Perception Psychology
700 1# - ADDED ENTRY--PERSONAL NAME
Personal name Dedrick, Don
700 1# - ADDED ENTRY--PERSONAL NAME
Personal name MacLaury, Robert
700 1# - ADDED ENTRY--PERSONAL NAME
Personal name Paramei, Galina
856 ## - ELECTRONIC LOCATION AND ACCESS
Uniform Resource Identifier <a href="https://docs.google.com/spreadsheets/d/1yKIrdCPDAG_9c22mwoOIO2DOhtj65Wqa/edit?usp=sharing&ouid=106555315294820607512&rtpof=true&sd=true ">https://docs.google.com/spreadsheets/d/1yKIrdCPDAG_9c22mwoOIO2DOhtj65Wqa/edit?usp=sharing&ouid=106555315294820607512&rtpof=true&sd=true </a>
Link text List of Curated E-Books
942 ## - ADDED ENTRY ELEMENTS (KOHA)
Koha item type E-Book

No items available.

University of Rizal System
Email us at univlibservices@urs.edu.ph

Visit our Website www.urs.edu.ph/library